Primary Anaesthesia / (Record no. 1391)
[ view plain ]
| 000 -LEADER | |
|---|---|
| fixed length control field | 00574nam a22002057a 4500 |
| 003 - CONTROL NUMBER IDENTIFIER | |
| control field | OSt |
| 005 - DATE AND TIME OF LATEST TRANSACTION | |
| control field | 20150410145853.0 |
| 008 - FIXED-LENGTH DATA ELEMENTS--GENERAL INFORMATION | |
| fixed length control field | 150410b xxu||||| |||| 00| 0 eng d |
| 020 ## - INTERNATIONAL STANDARD BOOK NUMBER | |
| International Standard Book Number | 0192615920 |
| 040 ## - CATALOGING SOURCE | |
| Transcribing agency | DNLM |
| 082 ## - DEWEY DECIMAL CLASSIFICATION NUMBER | |
| Classification number | WO 275 P93 2000 |
| 245 ## - TITLE STATEMENT | |
| Title | Primary Anaesthesia / |
| Statement of responsibility, etc. | Edited by Maurice King, [et....al] |
| 260 ## - PUBLICATION, DISTRIBUTION, ETC. (IMPRINT) | |
| Place of publication, distribution, etc. | Oxford: |
| Name of publisher, distributor, etc. | Oxford University Press. |
| Date of publication, distribution, etc. | 2000. |
| 300 ## - PHYSICAL DESCRIPTION | |
| Extent | x, 169 p : |
| Other physical details | ill; |
| Dimensions | 30 cm |
| 504 ## - BIBLIOGRAPHY, ETC. NOTE | |
| Bibliography, etc | Includes index |
| 650 ## - SUBJECT ADDED ENTRY--TOPICAL TERM | |
| Topical term or geographic name as entry element | Anaesthesia |
| 9 (RLIN) | 333 |
| 700 ## - ADDED ENTRY--PERSONAL NAME | |
| Relator code | Editor |
| Personal name | King Maurice |
| 9 (RLIN) | 3678 |
| 700 ## - ADDED ENTRY--PERSONAL NAME | |
| Relator code | Editor |
| Personal name | [et...al] |
| 9 (RLIN) | 867 |
| 942 ## - ADDED ENTRY ELEMENTS (KOHA) | |
| Source of classification or shelving scheme | Other/Generic Classification Scheme |
| Koha item type | Short Loan |
| Withdrawn status | Lost status | Source of classification or shelving scheme | Damaged status | Not for loan | Home library | Current library | Date acquired | Source of acquisition | Inventory number | Total Checkouts | Full call number | Barcode | Date last seen | Price effective from | Koha item type |
|---|---|---|---|---|---|---|---|---|---|---|---|---|---|---|---|
| Other/Generic Classification Scheme | MUST Main Library | MUST Main Library | 10/04/2015 | 2001/16224 | WO 275 P93 2000 | 2015-0877 | 10/04/2015 | 10/04/2015 | Short Loan | ||||||
| Other/Generic Classification Scheme | MUST Main Library | MUST Main Library | 10/04/2015 | 2001/16225 | WO 275 P93 2000 | 2015-0880 | 10/04/2015 | 10/04/2015 | Short Loan | ||||||
| Other/Generic Classification Scheme | MUST Main Library | MUST Main Library | 10/04/2015 | 2001/16226 | WO 275 P93 2000 | 2015-0881 | 10/04/2015 | 10/04/2015 | Short Loan |
